[Event "Ì15Â"]
[Site "Loo"]
[Date "2017.04.25"]
[Round "6.6"]
[White "Êàâûåâ, Ðóñëàí."]
[Black "Êîëäàåâ, Äóíãàð."]
[Result "0-1"]
[WhiteElo "2242"]
[BlackElo "1988"]
[PlyCount "104"]
[EventDate "2017.04.20"]

1. e4 e6 2. d4 d5 3. Nc3 Nf6 4. e5 Nfd7 5. Qg4 c5 6. Nb5 cxd4 7. Nf3 Nc6 8. Bf4
a6 9. Nbxd4 Nxd4 10. Nxd4 Qc7 11. Qg3 Nc5 12. Bd3 Nxd3+ 13. cxd3 Bb4+ 14. Ke2
Kf8 15. Rhc1 Qd8 16. Bg5 Qe8 17. Rc7 h6 18. Bd2 Be7 19. Rac1 Kg8 20. a3 Kh7 21.
Qf3 Rf8 22. Rxe7 Qxe7 23. Bb4 Qd8 24. Bxf8 Qxf8 25. Rc7 Kg8 26. Qf4 Rb8 27. Qc1
Qe8 28. Qc5 Bd7 29. Qd6 Bc6 30. b4 Rd8 31. Qe7 Qxe7 32. Rxe7 Bd7 33. Nb3 Kf8
34. Rxd7 Rxd7 35. Nc5 Rc7 36. d4 Ke7 37. Kd3 Kd8 38. f4 b6 39. Nxa6 Rc1 40. a4
Ra1 41. a5 bxa5 42. bxa5 Rxa5 43. Nb4 Ra1 44. Nc2 Rg1 45. Ne3 g6 46. Ke2 h5 47.
Kf2 Ra1 48. Ke2 Kd7 49. g3 Ra2+ 50. Kd3 Rf2 51. g4 Rxf4 52. gxh5 gxh5 0-1

[Event "Ì15Â"]
[Site "Loo"]
[Date "2017.04.25"]
[Round "6.7"]
[White "Âîëîâè÷, Âàñèëèé."]
[Black "Àêî÷¸íîê, Äàíèèë."]
[Result "1/2-1/2"]
[WhiteElo "2152"]
[BlackElo "1917"]
[PlyCount "86"]
[EventDate "2017.04.20"]

1. e4 e6 2. d4 d5 3. e5 c5 4. c3 Nc6 5. Nf3 Bd7 6. Be2 Nge7 7. dxc5 Ng6 8. Be3
Ngxe5 9. Nxe5 Nxe5 10. O-O Be7 11. Nd2 Bf6 12. f4 Nc6 13. Nf3 O-O 14. Qd2 b6
15. Bb5 Qc7 16. Bxc6 Bxc6 17. cxb6 axb6 18. Bd4 Be7 19. Qe3 Rab8 20. Be5 Bd6
21. Nd4 Bd7 22. Rae1 Rbe8 23. Nf3 f6 24. Bxd6 Qxd6 25. Qd4 Ra8 26. Ra1 Ra4 27.
b4 Bb5 28. Rfe1 Rfa8 29. Qe3 Kf7 30. Nd4 Bd7 31. Re2 Ra3 32. Qd2 Rc8 33. Rc1
Qc7 34. f5 e5 35. Nb5 Bxb5 36. Qxd5+ Kf8 37. Qxb5 Rxc3 38. Rd1 Rc1 39. Red2 Qc3
40. Qd3 Qxb4 41. Qd8+ Rxd8 42. Rxd8+ Ke7 43. R8d7+ Ke8 1/2-1/2

[Event "Ì15Â"]
[Site "Loo"]
[Date "2017.04.25"]
[Round "6.8"]
[White "Ðåìèçîâ, ßðîñëàâ."]
[Black "Øàéõàëèåâ, Äæîõàð."]
[Result "0-1"]
[WhiteElo "2218"]
[BlackElo "1846"]
[PlyCount "114"]
[EventDate "2017.04.20"]

1. e4 c5 2. Nf3 d6 3. d4 cxd4 4. Nxd4 Nf6 5. Nc3 a6 6. Be3 Ng4 7. Bg5 h6 8. Bh4
g5 9. Bg3 Bg7 10. Be2 h5 11. h4 Nc6 12. Nb3 gxh4 13. Bxh4 Nce5 14. Qd2 Ng6 15.
Bg5 Qb6 16. Bxg4 hxg4 17. Rxh8+ Bxh8 18. Nd5 Qd8 19. Be3 Kf8 20. Bb6 Qd7 21.
Bd4 Qe6 22. O-O-O Bxd4 23. Qxd4 Qe5 24. Qxe5 Nxe5 25. Rh1 Ng6 26. Na5 Kg7 27.
Nb6 Rb8 28. Nxc8 Rxc8 29. Nxb7 Rc4 30. f3 Ne5 31. b3 Rc8 32. Na5 gxf3 33. gxf3
Nxf3 34. Nc4 Ng5 35. Rg1 Kh6 36. Ne3 e6 37. Ng4+ Kg6 38. e5 d5 39. Ne3 Rh8 40.
c4 Rh3 41. Kd2 Kh5 42. Ke2 d4 43. Ng2 d3+ 44. Kd1 Kg4 45. Ne1+ Kf5 46. c5 Ne4
47. c6 d2 48. Nc2 Rc3 49. Rh1 Kxe5 50. Rh5+ f5 51. Rh2 Rxc6 52. Rxd2 Nxd2 53.
Kxd2 Rxc2+ 54. Kxc2 Kd4 55. Kd2 e5 56. a3 f4 57. b4 e4 0-1

[Event "Ì15Â"]
[Site "Loo"]
[Date "2017.04.25"]
[Round "6.9"]
[White "Ìàêàðÿí, Ðóäèê."]
[Black "Ðîëüãåéçåð, Ãåíðèõ."]
[Result "1-0"]
[WhiteElo "2207"]
[BlackElo "1989"]
[PlyCount "71"]
[EventDate "2017.04.20"]

1. d4 Nf6 2. c4 e6 3. g3 b6 4. Bg2 d5 5. cxd5 exd5 6. Nf3 Bd6 7. Nc3 c6 8. O-O
O-O 9. Qc2 Ba6 10. Re1 Qc8 11. e4 dxe4 12. Nxe4 Nxe4 13. Qxe4 Bc4 14. Ng5 f5
15. Qc2 Bd5 16. Bxd5+ cxd5 17. Qb3 Qc4 18. Qe3 Qc8 19. Qf3 Qc6 20. Re6 h6 21.
Bf4 hxg5 22. Rxd6 Qc4 23. Bxg5 Qxd4 24. Rxd5 Qxb2 25. Rad1 Na6 26. Rxf5 Qxa2
27. Be3 Rfd8 28. Bd4 Nc7 29. Bxg7 Qc2 30. Rxd8+ Rxd8 31. Bd4 Qc1+ 32. Kg2 Rxd4
33. Rf8+ Kh7 34. Qf7+ Kh6 35. Rh8+ Kg5 36. h4+ 1-0

[Event "Ì15Â"]
[Site "Loo"]
[Date "2017.04.25"]
[Round "6.10"]
[White "Ïåðîâ, Ãåðìàí."]
[Black "Öûáèêîâ, Òóìýí."]
[Result "1/2-1/2"]
[WhiteElo "1944"]
[BlackElo "2152"]
[PlyCount "131"]
[EventDate "2017.04.20"]

1. e4 c5 2. Nf3 d6 3. d4 cxd4 4. Nxd4 Nf6 5. Nc3 a6 6. h3 e6 7. g4 Be7 8. g5
Nfd7 9. Be3 Nc6 10. h4 O-O 11. Qd2 Nde5 12. Be2 b5 13. f4 Nxd4 14. Bxd4 Nc6 15.
Be3 Qa5 16. O-O Rd8 17. a3 Qc7 18. Bf3 Bb7 19. Qg2 Na5 20. f5 Nc4 21. Bd4 d5
22. exd5 exf5 23. Qf2 Nxb2 24. d6 Rxd6 25. Be5 Bxf3 26. Bxd6 Qxd6 27. Qxf3 Rc8
28. Nd5 Bd8 29. Rae1 g6 30. Re8+ Kg7 31. Rf2 Rc4 32. Rd2 Rg4+ 33. Kf1 Rg3 34.
Qf2 Nc4 35. Qd4+ f6 36. Qa7+ Bc7 37. gxf6+ Kh6 38. Qxc7 Nxd2+ 39. Ke1 Rg1+ 40.
Kf2 Rf1+ 41. Ke2 Qxd5 42. Qg7+ Kh5 43. Qxh7+ Kg4 44. Qxg6+ Kh3 45. Re3+ Rf3 46.
Rxf3+ Qxf3+ 47. Kxd2 Qf2+ 48. Kd3 Qf3+ 49. Kd4 Qe4+ 50. Kc5 Qe5+ 51. Kb6 Qe6+
52. Ka5 Qe1+ 53. Kxa6 Qe6+ 54. Kxb5 Qd5+ 55. Kb4 Qd6+ 56. Kb3 Qb6+ 57. Ka2 Qe6+
58. Kb2 Qe5+ 59. Kb3 Qb5+ 60. Kc3 Qc5+ 61. Kd2 Qd4+ 62. Ke2 Qe4+ 63. Kf1 Qf3+
64. Ke1 Qe3+ 65. Kd1 Qd4+ 66. Kc1 1/2-1/2

[Event "Ì15Â"]
[Site "Loo"]
[Date "2017.04.25"]
[Round "6.11"]
[White "Øèäëîâñêèé, Àðòåìèé."]
[Black "Êûòèí, Ìàêàð."]
[Result "1/2-1/2"]
[WhiteElo "1975"]
[BlackElo "2120"]
[PlyCount "92"]
[EventDate "2017.04.20"]

1. d4 d5 2. e3 Nf6 3. Bd3 g6 4. c4 c6 5. Nf3 Bg7 6. Nc3 O-O 7. h3 b6 8. O-O Bb7
9. e4 dxc4 10. Bxc4 b5 11. Bd3 c5 12. e5 Nd5 13. Bxb5 a6 14. Ba4 Nc6 15. Bb3
Nxd4 16. Nxd4 cxd4 17. Qxd4 Nxc3 18. Qxc3 Rc8 19. Qg3 Qd4 20. Re1 e6 21. Qf4
Rfd8 22. Qxd4 Rxd4 23. Bg5 h6 24. Be7 Rd2 25. Ba3 Bd5 26. Bxd5 Rxd5 27. f4 g5
28. Rad1 Rxd1 29. Rxd1 gxf4 30. Bd6 Rc2 31. Rb1 Bf8 32. Bxf8 Kxf8 33. a4 a5 34.
b4 axb4 35. Rxb4 Rc5 36. Re4 f5 37. exf6 e5 38. Kf2 Kf7 39. g3 Rc2+ 40. Kg1
fxg3 41. Rxe5 Kxf6 42. Rh5 Kg6 43. Rb5 Ra2 44. a5 Kf6 45. h4 Kg6 46. h5+ Kf6
1/2-1/2

[Event "Ì15Â"]
[Site "Loo"]
[Date "2017.04.25"]
[Round "6.12"]
[White "Öóõàåâ, Ìóñà."]
[Black "Äóäèí, Ãëåá."]
[Result "0-1"]
[WhiteElo "1710"]
[BlackElo "2031"]
[PlyCount "116"]
[EventDate "2017.04.20"]

1. e4 e6 2. d4 d5 3. Nc3 Nf6 4. Bg5 Bb4 5. e5 h6 6. Be3 Ne4 7. Qg4 Kf8 8. h3 c5
9. Nge2 Qa5 10. Bd2 Nxd2 11. Kxd2 Nc6 12. Qf4 Qb6 13. dxc5 Bxc5 14. f3 Bd7 15.
a3 g5 16. Qg3 Bf2 17. Qh2 Qe3+ 18. Kd1 d4 19. Ne4 d3 20. Nxf2 dxe2+ 21. Bxe2
Qxf2 22. Qg1 Qxg1+ 23. Rxg1 Nxe5 24. c3 Ke7 25. Kc2 Bc6 26. a4 Rhd8 27. b4 Bd5
28. Rge1 Nc4 29. Bd3 Rd6 30. Rad1 Rad8 31. Re2 Kf6 32. a5 Ne5 33. Bb5 Be4+ 34.
fxe4 Rxd1 35. Rf2+ Ke7 36. g4 Rh1 37. Bf1 Ng6 38. c4 Nf4 39. Rf3 Rh2+ 40. Kb3
Rd1 41. c5 Rh1 42. Bc4 Rb1+ 43. Ka4 a6 44. b5 Ra1+ 45. Kb4 Rhb1+ 46. Bb3 axb5
47. Kxb5 Ne2 48. Kc4 Rc1+ 49. Kd3 Nf4+ 50. Kd4 Rxa5 51. h4 Raxc5 52. hxg5 e5+
53. Ke3 R5c3+ 54. Kf2 Rf1+ 55. Kxf1 Rxf3+ 56. Ke1 Rxb3 57. gxh6 Rh3 58. g5 Ke6
0-1

[Event "Ì15Â"]
[Site "Loo"]
[Date "2017.04.25"]
[Round "6.13"]
[White "Áåäåíêî, Íèêèòà."]
[Black "Îñèïîâ, Äàíèèë."]
[Result "1-0"]
[WhiteElo "1966"]
[BlackElo "2091"]
[PlyCount "63"]
[EventDate "2017.04.20"]

1. e4 c5 2. d4 cxd4 3. c3 dxc3 4. Nxc3 Nc6 5. Nf3 e6 6. Bc4 a6 7. Bf4 Nge7 8.
Qe2 Ng6 9. Bg3 Be7 10. O-O b5 11. Bb3 O-O 12. Rfd1 b4 13. Na4 Na5 14. Rac1 Nxb3
15. axb3 d6 16. Nd4 Bg5 17. Rc2 Bf4 18. Nc6 Qc7 19. Ne5 Qb8 20. Nxg6 fxg6 21.
Bxf4 Rxf4 22. Rcd2 Bb7 23. Rxd6 Rxe4 24. Qd2 Qc7 25. Rd8+ Rxd8 26. Qxd8+ Qxd8
27. Rxd8+ Kf7 28. f3 Re3 29. Rd7+ Kf6 30. Rxb7 Rxb3 31. Kf2 g5 32. Rd7 1-0

[Event "Ì15Â"]
[Site "Loo"]
[Date "2017.04.25"]
[Round "6.14"]
[White "Êàçüìèí, Ñåìåí."]
[Black "Êóëàåâ, Ìàêñèì."]
[Result "1/2-1/2"]
[WhiteElo "2167"]
[BlackElo "1849"]
[PlyCount "145"]
[EventDate "2017.04.20"]

1. e4 c5 2. Nf3 d6 3. d4 cxd4 4. Nxd4 Nf6 5. Nc3 a6 6. Bg5 Nc6 7. a3 h6 8. Bxf6
gxf6 9. Nb3 h5 10. h4 Ne5 11. f4 Ng4 12. Qf3 e6 13. O-O-O Qc7 14. Bd3 b5 15.
Rhe1 Bb7 16. Kb1 Bh6 17. Ne2 O-O-O 18. Ng3 f5 19. Nxh5 Bf8 20. Ng3 Rxh4 21. Rh1
Rxh1 22. Rxh1 Nf6 23. Qe3 fxe4 24. Nxe4 Nxe4 25. Bxe4 d5 26. Bd3 Bd6 27. Rh4
Kb8 28. g3 Be7 29. Rh7 Bf6 30. g4 d4 31. Qh3 Rd7 32. g5 Bd8 33. Qg3 Qd6 34. g6
fxg6 35. Rxd7 Qxd7 36. Nc5 Qd6 37. Nxb7 Kxb7 38. Qxg6 Qxf4 39. Qxe6 Bb6 40.
Be4+ Ka7 41. Bd5 Qc7 42. Qe8 Bc5 43. Qa8+ Kb6 44. Be4 Bd6 45. Qd5 Be5 46. Bf3
Ka7 47. Be4 Kb6 48. Qa8 Bd6 49. Qg8 Ka7 50. Qg1 Be5 51. Qf2 Kb6 52. Qf5 Bd6 53.
Qf6 Qc5 54. Qg7 Be7 55. Qh8 Bd6 56. Bf3 Qc7 57. Qxd4+ Bc5 58. Qd5 Ka7 59. Qe6
Bd6 60. Be2 Bc5 61. a4 Qe7 62. Qxe7+ Bxe7 63. axb5 a5 64. Ka2 Kb6 65. Kb3 Bc5
66. Kc4 Bf8 67. Kd5 Be7 68. Bf1 Bf8 69. c3 Be7 70. b3 Bf8 71. Kc4 Be7 72. b4
axb4 73. cxb4 1/2-1/2

[Event "Ì15Â"]
[Site "Loo"]
[Date "2017.04.25"]
[Round "6.15"]
[White "Ïîñòíèêîâ, Ðîìàí."]
[Black "Ìóòîâèí, Åãîð."]
[Result "0-1"]
[WhiteElo "2081"]
[BlackElo "1915"]
[PlyCount "108"]
[EventDate "2017.04.20"]

1. d4 Nf6 2. c4 e6 3. Nf3 d5 4. g3 Be7 5. Bg2 O-O 6. O-O dxc4 7. Ne5 Qd6 8.
Nxc4 Qa6 9. Ne5 Rd8 10. e3 c5 11. Qc2 cxd4 12. exd4 Bd7 13. Be3 Nc6 14. Nxc6
Bxc6 15. Bxc6 Rac8 16. Nc3 Qxc6 17. Qb3 Qf3 18. Rfe1 h5 19. h4 Bd6 20. Qd1 Qf5
21. Bg5 Qh3 22. Qf3 Be7 23. Rad1 Nd5 24. Bxe7 Nxe7 25. Qxb7 Nf5 26. Ne4 Rb8 27.
Qxa7 Qg4 28. Ng5 Rf8 29. Rd2 Nxh4 30. Qa5 Qxg5 31. Qxg5 Nf3+ 32. Kg2 Nxg5 33.
Re5 f6 34. Re3 Rb6 35. f4 Nf7 36. Kf3 Nh6 37. a4 Nf5 38. Ra3 Rfb8 39. d5 Rxb2
40. Rxb2 Rxb2 41. dxe6 Kf8 42. a5 Rb7 43. Ke4 Nd6+ 44. Kd5 Ke7 45. a6 Ra7 46.
Kc6 Kxe6 47. Re3+ Kf5 48. Kxd6 Rxa6+ 49. Kd5 Ra1 50. Re7 Rd1+ 51. Kc4 g5 52.
fxg5 fxg5 53. Re3 Kg4 54. Kc3 Rg1 0-1

[Event "Ì15Â"]
[Site "Loo"]
[Date "2017.04.25"]
[Round "6.16"]
[White "Ïîëÿíñêèé, Âëàäèñëàâ."]
[Black "Ìèðçîÿí, Ëàâðåíòèé."]
[Result "0-1"]
[WhiteElo "1891"]
[BlackElo "1904"]
[PlyCount "82"]
[EventDate "2017.04.20"]

1. d4 d5 2. Nf3 Nf6 3. e3 e6 4. Bd3 c5 5. b3 Nc6 6. Bb2 Bd6 7. Nbd2 O-O 8. a3
b6 9. O-O cxd4 10. exd4 Qc7 11. c4 Bb7 12. Re1 Ne7 13. Rc1 Qd8 14. Qe2 Ng6 15.
g3 Rc8 16. Ne5 Bxe5 17. dxe5 Nd7 18. cxd5 Bxd5 19. Rxc8 Qxc8 20. Be4 Re8 21. f4
Ne7 22. Bxd5 Nxd5 23. Ne4 Rd8 24. Rc1 Qb8 25. Nd6 Nc5 26. b4 Nb7 27. Nb5 a5 28.
Nd4 Re8 29. Nc6 Qa8 30. Qb5 h6 31. Bd4 axb4 32. axb4 Qa3 33. Ra1 Qf3 34. Rf1
Qe4 35. h4 Kh7 36. Bf2 Rc8 37. Nd4 Ne3 38. Bxe3 Qxe3+ 39. Kh2 Qe4 40. f5 Rc2+
41. Kh3 h5 0-1

[Event "Ì15Â"]
[Site "Loo"]
[Date "2017.04.25"]
[Round "6.17"]
[White "Ìóðòàçèí, Ðóñëàí."]
[Black "Ãàëèåâ, Èðåê."]
[Result "1-0"]
[WhiteElo "2344"]
[BlackElo "1866"]
[PlyCount "98"]
[EventDate "2017.04.20"]

1. e4 g6 2. d4 c5 3. Nf3 Bg7 4. Nc3 cxd4 5. Nxd4 Nc6 6. Be3 Nf6 7. Bc4 d6 8. f3
Bd7 9. Qd2 a6 10. Bb3 b5 11. O-O-O Na5 12. Bh6 Nxb3+ 13. Nxb3 O-O 14. h4 Be6
15. h5 b4 16. Nd5 Bxd5 17. exd5 Rc8 18. Kb1 Qc7 19. Bxg7 Kxg7 20. hxg6 fxg6 21.
Nd4 Qc4 22. Ne6+ Kg8 23. b3 Qb5 24. Rh4 a5 25. Nxf8 Kxf8 26. Qd3 Qxd3 27. Rxd3
Rc5 28. Rhd4 Ke8 29. a3 bxa3 30. c4 Nd7 31. Ka2 Ne5 32. Rc3 h5 33. Kxa3 Rc7 34.
Rd2 Nd7 35. Ra2 Nc5 36. Kb2 Ra7 37. Kc2 Kf7 38. Re3 Ra6 39. Ra1 Kf6 40. g3 Kf7
41. g4 Ra8 42. b4 Nb7 43. Kd3 Re8 44. bxa5 Ra8 45. Rae1 Re8 46. Kd4 Nxa5 47. c5
Nb7 48. c6 Nc5 49. c7 hxg4 1-0

[Event "Ì15Â"]
[Site "Loo"]
[Date "2017.04.25"]
[Round "6.18"]
[White "Øîáîåâ, Äàíäàð."]
[Black "Ñò¸ïî÷êèí, Ô¸äîð."]
[Result "1-0"]
[WhiteElo "2110"]
[BlackElo "1793"]
[PlyCount "71"]
[EventDate "2017.04.20"]

1. d4 d5 2. c4 Nc6 3. Nf3 Bg4 4. Nc3 e6 5. e3 Bb4 6. Be2 dxc4 7. Bxc4 Nge7 8.
O-O O-O 9. h3 Bh5 10. a3 Bxc3 11. bxc3 Nd5 12. Bd2 Qe7 13. Be2 Rfd8 14. e4 Nb6
15. Bg5 f6 16. Be3 Bg6 17. Nd2 Nd7 18. f3 e5 19. Qb3+ Bf7 20. Qxb7 exd4 21.
cxd4 Qd6 22. d5 Nce5 23. Rfc1 Rdc8 24. f4 Ng6 25. Rc6 Qe7 26. Rxc7 Rxc7 27.
Qxc7 Bxd5 28. Rd1 Bf7 29. Nf1 Ngf8 30. Bb5 Be8 31. Bc6 Ne6 32. Qd6 Qf7 33. Bxa8
Nb6 34. Bxb6 axb6 35. Qxe6 Qxe6 36. Bd5 1-0

[Event "Ì15Â"]
[Site "Loo"]
[Date "2017.04.25"]
[Round "6.19"]
[White "Õàëèêîâ, Áóëàò."]
[Black "Áðåñêàíó, Íèêèòà."]
[Result "0-1"]
[WhiteElo "1895"]
[BlackElo "2044"]
[PlyCount "40"]
[EventDate "2017.04.20"]

1. e4 c6 2. d4 d5 3. exd5 cxd5 4. Bd3 Nc6 5. c3 Nf6 6. Bf4 Bg4 7. Qb3 Qc8 8.
Nd2 e5 9. Ngf3 Bxf3 10. Nxf3 Be7 11. O-O O-O 12. Rfe1 a6 13. Nxe5 Nxe5 14. Bxe5
Nd7 15. Bf4 Rd8 16. c4 dxc4 17. Bxc4 Nf8 18. d5 b5 19. Bd3 Bd6 20. Bg5 Re8 {
äàëåå çàïèñü íåðàçáîð~~èâà} 0-1

[Event "Ì15Â"]
[Site "Loo"]
[Date "2017.04.25"]
[Round "6.20"]
[White "Èñìàãèëîâ, Äàìèð."]
[Black "Ðîìàäîâ, Äìèòðèé."]
[Result "1-0"]
[WhiteElo "2039"]
[BlackElo "1774"]
[PlyCount "53"]
[EventDate "2017.04.20"]

1. d4 Nf6 2. Nf3 g6 3. Bg5 Bg7 4. Nbd2 d5 5. e3 O-O 6. b4 Nbd7 7. Be2 c6 8. O-O
Re8 9. c3 e5 10. Qb3 e4 11. Ne1 h6 12. Bh4 Nf8 13. Nc2 g5 14. Bg3 Ng6 15. b5
Bd7 16. bxc6 Bxc6 17. Nb4 a5 18. Nxc6 bxc6 19. Qa4 Qd7 20. Rab1 Ne7 21. Nb3
Rec8 22. Nc5 Qe8 23. Ba6 Rd8 24. Bc7 Rd7 25. Nxd7 Qxd7 26. Rb8+ Rxb8 27. Bxb8
1-0

[Event "Ì15Â"]
[Site "Loo"]
[Date "2017.04.25"]
[Round "6.21"]
[White "Çåìíèöêèé, Àëåêñàíäð."]
[Black "Æàðêîâ, Íèêîëàé."]
[Result "1-0"]
[WhiteElo "2010"]
[BlackElo "1861"]
[PlyCount "60"]
[EventDate "2017.04.20"]

1. e4 g6 2. h4 Bg7 3. h5 d5 4. exd5 Qxd5 5. Nc3 Qa5 6. Bc4 Nc6 7. d3 Bf5 8. Bd2
O-O-O 9. h6 Be5 10. Bxf7 Nf6 11. Bb3 Nd4 12. Nd5 Qc5 13. Ne3 Nxb3 14. axb3 Bxb2
15. Ra5 Qc6 16. Nf3 a6 17. O-O Nd5 18. Nc4 Bc3 19. Rxd5 Qxd5 20. Bxc3 Rhf8 21.
Bg7 Rg8 22. Nce5 Kb8 23. Re1 Bc8 24. Ng5 b6 25. Qf3 Bb7 26. Qxd5 Rxd5 27. Nxh7
g5 28. Nxg5 Ka7 29. h7 Rxg7 30. h8=Q Rxg5 1-0

[Event "Ì15Â"]
[Site "Loo"]
[Date "2017.04.25"]
[Round "6.22"]
[White "Ôîìèí, Ïàâåë."]
[Black "Âîëêîâ, Àíäðåé."]
[Result "0-1"]
[WhiteElo "1892"]
[BlackElo "2005"]
[PlyCount "83"]
[EventDate "2017.04.20"]

1. c4 c5 2. Nc3 Nc6 3. g3 g6 4. Bg2 Bg7 5. Nf3 Nh6 6. d4 cxd4 7. Bxh6 Bxh6 8.
Nxd4 Bg7 9. Nxc6 bxc6 10. O-O O-O 11. Rc1 Qa5 12. Na4 Rb8 13. b3 c5 14. Rc2 d6
15. e3 Bd7 16. Qe1 Qxe1 17. Rxe1 Bxa4 18. bxa4 Rb4 19. Bc6 Rb6 20. Bb5 a6 21.
a5 Rxb5 22. cxb5 axb5 23. Rb1 b4 24. Kf1 Ra8 25. Ke2 Rxa5 26. f3 d5 27. e4 e6
28. exd5 exd5 29. Rd2 Bd4 30. h4 Ra3 31. Rb3 Ra7 32. f4 f5 33. Kf3 Kf7 34. Re2
Bc3 35. g4 c4 36. Rb1 Ra4 37. g5 d4 38. h5 d3 39. hxg6+ hxg6 40. Rh2 d2 41.
Rh7+ Bg7 42. Ke2 {äàëåå çàïèñü íåðàçáîð~~èâà} 0-1

[Event "Ì15Â"]
[Site "Loo"]
[Date "2017.04.25"]
[Round "6.23"]
[White "Ùóêèí, Ìàêñèì."]
[Black "×åæèí, Ïàâåë."]
[Result "0-1"]
[WhiteElo "1990"]
[BlackElo "1688"]
[PlyCount "98"]
[EventDate "2017.04.20"]

1. e4 e5 2. Nf3 Nc6 3. Bb5 Bc5 4. c3 Nf6 5. d4 exd4 6. e5 Nd5 7. O-O O-O 8.
cxd4 Be7 9. Nc3 Nxc3 10. bxc3 d5 11. Qc2 f6 12. Bd3 h6 13. Nh4 fxe5 14. Bh7+
Kh8 15. Ng6+ Kxh7 16. Nxf8+ Kg8 17. Ng6 exd4 18. cxd4 Bf6 19. Bb2 Nxd4 20. Bxd4
Bxd4 21. Rad1 c5 22. Qe2 Bd7 23. Ne7+ Kh8 24. Nxd5 Ba4 25. Rxd4 cxd4 26. Nf4
Qg5 27. Qe4 Bc6 28. Qxd4 Re8 29. g3 Re4 30. Qd6 Kg8 31. Rd1 Qg4 32. Qd8+ Re8
33. Qd3 Rf8 34. Qc4+ Kh8 35. Re1 Kh7 36. Qd3+ Kg8 37. Qc3 Kh7 38. Qd3+ Kg8 39.
Qb3+ Kh7 40. Qd3+ Qf5 41. Qd4 Rf7 42. Qe3 g5 43. Ne6 Qd5 44. Kf1 Qg2+ 45. Ke2
Bb5+ 46. Kd1 Qxf2 47. Qxf2 Rxf2 48. Kc1 Rxa2 49. Nd4 Ra1+ 0-1

[Event "Ì15Â"]
[Site "Loo"]
[Date "2017.04.25"]
[Round "6.24"]
[White "Ðàäî÷èí, Îëåã."]
[Black "Øóìèëîâ, Äåìüÿí."]
[Result "0-1"]
[WhiteElo "1825"]
[BlackElo "1984"]
[PlyCount "106"]
[EventDate "2017.04.20"]

1. e4 c6 2. d4 d5 3. Nc3 a6 4. Nf3 Bg4 5. Be2 e6 6. O-O Nf6 7. Bg5 h6 8. Bxf6
Qxf6 9. e5 Qd8 10. Ne1 Bxe2 11. Nxe2 c5 12. c3 Nc6 13. dxc5 Nxe5 14. b4 Be7 15.
Qa4+ Qd7 16. Qxd7+ Kxd7 17. f4 Nc4 18. Nf3 Bf6 19. Ned4 Rhc8 20. Rae1 a5 21.
Ne5+ Bxe5 22. fxe5 Ke7 23. Re2 axb4 24. cxb4 Ra4 25. Rb1 Rca8 26. c6 bxc6 27.
Nxc6+ Kd7 28. Na5 Nxa5 29. bxa5 Ra7 30. Rf2 Ke7 31. Rfb2 R4xa5 32. Rb7+ Rxb7
33. Rxb7+ Ke8 34. Rb8+ Kd7 35. Rb7+ Kc6 36. Rxf7 Rxa2 37. Rxg7 Re2 38. Rg6 Rxe5
39. Rxh6 d4 40. Rh3 Kd5 41. Kf2 Kc4 42. Ra3 d3 43. h4 d2 44. Ra1 Kc3 45. g4 Re4
46. Ra3+ Kb2 47. Rd3 Kc2 48. Rxd2+ Kxd2 49. Kf3 Re3+ 50. Kg2 Kd3 51. h5 Ke4 52.
h6 Ra3 53. h7 Ra8 0-1

[Event "Ì15Â"]
[Site "Loo"]
[Date "2017.04.25"]
[Round "6.25"]
[White "Æóðàâëåâ, Àëåêñàíäð."]
[Black "Æàêàìóõîâ, Ýäóàðä."]
[Result "1-0"]
[WhiteElo "1745"]
[BlackElo "1919"]
[PlyCount "87"]
[EventDate "2017.04.20"]

1. e4 c5 2. c4 e5 3. Nc3 Nc6 4. d3 g6 5. g3 Bg7 6. Bg2 d6 7. Nge2 Nge7 8. O-O
O-O 9. Nd5 Nxd5 10. exd5 Ne7 11. a3 b6 12. Rb1 Bd7 13. Bd2 h5 14. h4 Kh7 15. b4
Ng8 16. a4 f5 17. Bg5 Bf6 18. f4 Bxg5 19. hxg5 Re8 20. Nc3 Qc7 21. b5 Re7 22.
Re1 Rae8 23. Qd2 Kh8 24. Kf2 Rh7 25. Rh1 Bc8 26. Rbe1 Qf7 27. Ne2 Qf8 28. Ng1
Rhe7 29. Nf3 e4 30. Nh4 Kh7 31. dxe4 fxe4 32. Re3 Qg7 33. Rhe1 Bf5 34. Qe2 Bg4
35. Qd2 Bf5 36. Bxe4 Qd4 37. Nxf5 gxf5 38. Bxf5+ Kg7 39. Be6 h4 40. Qc3 hxg3+
41. Kxg3 Qxc3 42. Rxc3 Rc7 43. Rce3 Ne7 44. f5 1-0

[Event "Ì15Â"]
[Site "Loo"]
[Date "2017.04.25"]
[Round "6.26"]
[White "Ëóïïà, Êèðèëë."]
[Black "Ãàéäûì, Àðñåíèé."]
[Result "0-1"]
[WhiteElo "1780"]
[BlackElo "2017"]
[PlyCount "92"]
[EventDate "2017.04.20"]

1. d4 d5 2. Nf3 Nf6 3. Bf4 c5 4. e3 e6 5. c3 Nc6 6. Bd3 Bd6 7. Ne5 O-O 8. O-O
Qc7 9. Nxc6 Bxf4 10. exf4 bxc6 11. Qf3 Qb6 12. Qe3 Qxb2 13. Nd2 cxd4 14. cxd4
Ng4 15. Qh3 f5 16. Nb3 a5 17. Qg3 a4 18. Rfb1 Qc3 19. Rc1 Qb4 20. Nc5 Qxd4 21.
Rab1 Ra5 22. Nb7 Bxb7 23. Rxb7 Nxf2 24. Qxf2 Qxd3 25. Rxc6 Rb5 26. Rxb5 Qxb5
27. Rxe6 Re8 28. Qe1 Kf7 29. Rxe8 Qxe8 30. Qxe8+ Kxe8 31. Kf2 Kd7 32. Ke3 Kd6
33. Kd4 g6 34. h3 h5 35. h4 Kc6 36. g3 Kd6 37. Kd3 Kc5 38. Kc3 d4+ 39. Kd3 a3
40. Kd2 Kc4 41. Kc2 d3+ 42. Kd2 Kd4 43. Kd1 Ke3 44. Ke1 d2+ 45. Kd1 Kd3 46. g4
hxg4 0-1

[Event "Ì15Â"]
[Site "Loo"]
[Date "2017.04.25"]
[Round "6.27"]
[White "Øèðèíêèí, Ïàâåë."]
[Black "Êàìàåâ, Äæàáðàèë."]
[Result "1/2-1/2"]
[WhiteElo "1751"]
[BlackElo "1949"]
[PlyCount "85"]
[EventDate "2017.04.20"]

1. d4 Nf6 2. c4 g6 3. Nc3 Bg7 4. e4 d6 5. f3 O-O 6. Be3 Nc6 7. Nge2 e5 8. d5
Ne7 9. Qd2 Ne8 10. g4 f5 11. gxf5 gxf5 12. Bh6 f4 13. Bxg7 Kxg7 14. O-O-O Ng6
15. Bg2 Qh4 16. Rdg1 Kh8 17. Nd1 Nf6 18. Nec3 a6 19. Bf1 Bh3 20. Nf2 Bxf1 21.
Rxf1 Qh5 22. Nd3 Nh4 23. Qf2 Rg8 24. Ne1 b6 25. Rhg1 h6 26. Ne2 Nh7 27. Ng2
Nxg2 28. Rxg2 Rxg2 29. Qxg2 Rg8 30. Qf2 Ng5 31. h4 Nh7 32. Kc2 Nf6 33. Rg1 Rxg1
34. Nxg1 Qg6 35. Kd3 Nh5 36. Ne2 Kg7 37. b4 Ng3 38. c5 Nxe2 39. Kxe2 bxc5 40.
bxc5 Qe8 41. Qg2+ Kh7 42. c6 Qb8 43. Qg4 1/2-1/2

[Event "Ì15Â"]
[Site "Loo"]
[Date "2017.04.25"]
[Round "6.28"]
[White "Òåð-Ñààêÿí, Ãðèãîðèé."]
[Black "Êîðåíü, Âëàäèìèð."]
[Result "1/2-1/2"]
[WhiteElo "1851"]
[BlackElo "1947"]
[PlyCount "86"]
[EventDate "2017.04.20"]

1. d4 d5 2. c4 e6 3. Nf3 Nf6 4. g3 Be7 5. Bg2 O-O 6. O-O dxc4 7. Ne5 Nc6 8.
Bxc6 bxc6 9. Nxc6 Qe8 10. Nxe7+ Qxe7 11. Na3 Rd8 12. Nxc4 c5 13. b3 cxd4 14.
Ba3 Qb7 15. Rc1 Qd5 16. Be7 Bb7 17. f3 Rd7 18. Bxf6 gxf6 19. Qd3 Rc8 20. Nd2
Rc3 21. Rxc3 dxc3 22. Qxd5 Bxd5 23. Nb1 c2 24. Na3 Bb7 25. Kf2 Bxf3 26. exf3
Rd1 27. Nxc2 Rd2+ 28. Ke3 Rxc2 29. Rf2 Rxf2 30. Kxf2 f5 31. Ke3 Kf8 32. g4 fxg4
33. fxg4 f6 34. Kd4 Ke7 35. Kc5 Kd7 36. b4 Kc7 37. a4 h6 38. b5 f5 39. gxf5
exf5 40. a5 f4 41. Kd4 Kd6 42. Ke4 Kc5 43. b6 axb6 1/2-1/2

[Event "Ì15Â"]
[Site "Loo"]
[Date "2017.04.25"]
[Round "6.29"]
[White "Áàáóíîâ, Àëåêñàíäð."]
[Black "Ãàâðèëîâ, Âèêòîð."]
[Result "0-1"]
[WhiteElo "1865"]
[BlackElo "1760"]
[PlyCount "80"]
[EventDate "2017.04.20"]

1. d4 d5 2. c4 e6 3. Nc3 Be7 4. cxd5 exd5 5. Bf4 c6 6. e3 Bf5 7. g4 Bg6 8. Nf3
Qb6 9. Qb3 Nd7 10. Qxb6 axb6 11. Kd2 Ngf6 12. Rg1 Bb4 13. Bd3 Bxd3 14. Kxd3
Bxc3 15. bxc3 Ne4 16. Rg2 Ra3 17. Rc1 Rxa2 18. Rc2 Rxc2 19. Kxc2 Ke7 20. Ne5
Ra8 21. Nxd7 Kxd7 22. Kb2 Nd2 23. f3 Nc4+ 24. Kb1 Ra3 25. Rc2 b5 26. e4 b4 27.
Bc1 b3 28. Re2 Ra5 29. e5 c5 30. f4 Nb6 31. dxc5 Na4 32. Bb2 Rxc5 33. Re3 Rc4
34. Rd3 Rxf4 35. Rxd5+ Kc6 36. Rd1 Rf2 37. Rd6+ Kc7 38. Rd4 Rf1+ 39. Bc1 b2 40.
Re4 Kb8 0-1

[Event "Ì17Ï"]
[Site "Loo"]
[Date "2017.04.25"]
[Round "6.1"]
[White "Íåçíàíîâ, Àëåêñàíäð."]
[Black "Ìèøèí, Âÿ÷åñëàâ."]
[Result "1/2-1/2"]
[WhiteElo "2050"]
[BlackElo "2092"]
[PlyCount "82"]
[EventDate "2017.04.20"]

1. c4 e6 2. Nc3 d5 3. d4 c5 4. cxd5 cxd4 5. Qa4+ Bd7 6. Qxd4 exd5 7. Nf3 Nc6 8.
Qxd5 Nf6 9. Qd1 Bc5 10. e3 Qe7 11. Be2 O-O-O 12. O-O g5 13. Nd5 Nxd5 14. Qxd5
g4 15. Nd2 Be6 16. Qh5 Rd5 17. Qh6 Qd8 18. e4 Bf8 19. Qe3 Rh5 20. Nb3 Rg8 21.
Qg3 Bg7 22. Bf4 Bxb2 23. Rad1 Qf6 24. Qe3 Be5 25. Bxe5 Qxe5 26. g3 Rg6 27. h4
f5 28. exf5 Rxf5 29. Qd2 Rf8 30. Qd3 Bxb3 31. axb3 Nd4 32. Qe3 Nf3+ 33. Kg2
Qxe3 34. fxe3 Rb6 35. Bc4 Re8 36. Kf2 Rc6 37. Ke2 a6 38. Bd5 Rc3 39. Rd3 Rxd3
40. Kxd3 Rd8 41. e4 Kc7 1/2-1/2

[Event "Ì17Ï"]
[Site "Loo"]
[Date "2017.04.25"]
[Round "6.2"]
[White "Ëàïòåâ, Òèìîôåé."]
[Black "Äóáèíèí, Àëåêñàíäð."]
[Result "0-1"]
[WhiteElo "1870"]
[BlackElo "2165"]
[PlyCount "68"]
[EventDate "2017.04.20"]

1. c4 g6 2. Nc3 Bg7 3. g3 c5 4. Bg2 Nc6 5. d3 d6 6. e4 e6 7. Nge2 Nge7 8. O-O
O-O 9. f4 Rb8 10. Be3 Nd4 11. Rb1 Nec6 12. g4 a6 13. Ng3 f5 14. gxf5 exf5 15.
Nd5 b5 16. b3 Be6 17. Ne2 fxe4 18. Bxe4 Qd7 19. Nxd4 Nxd4 20. Rf2 Kh8 21. Qd2
Nf5 22. Bxf5 Rxf5 23. Nc3 d5 24. cxd5 Bxd5 25. Ne4 Ba8 26. Rc1 Rc8 27. Kf1 Qe7
28. Qc2 c4 29. bxc4 bxc4 30. Re1 Rb5 31. Bc1 Qe6 32. Ng3 Qh3+ 33. Kg1 Bd4 34.
dxc4 Qg2# 0-1